Les ministres de l'Education Nationale de la Ve République - Statistiques

Statistiques générales
  • Ce quiz a été pris 110 fois
  • Le résultat moyen est 15 sur 37
Statistiques - réponses
Intitulé du Ministère Début de fonction Fin de fonction Ministre % Correct
Ministre de l'Éducation nationale 17 mai 2017 16 octobre 2018 Jean-Michel Blanquer
88%
Ministre de l'Éducation nationale et de la Jeunesse 16 octobre 2018 6 juillet 2020 Jean-Michel Blanquer
88%
Ministre de l'Éducation nationale, de la Jeunesse et des Sports 6 juillet 2020 20 mai 2022 Jean-Michel Blanquer
88%
Ministre de l'Éducation nationale et de la Jeunesse 20 mai 2022 En cours Pap Ndiaye
82%
Ministre de l'Éducation nationale, de l'Enseignement supérieur et de la Recherche 26 août 2014 17 mai 2017 Najat Vallaud-Belkacem
76%
Ministre d'État, ministre de l'Éducation nationale, de la Recherche et des Sports 12 mai 1988 23 juin 1988 Lionel Jospin
64%
Ministre d'État, ministre de l'Éducation nationale, de la Jeunesse et des Sports 28 juin 1988 15 mai 1991 Lionel Jospin
64%
Ministre d'État, ministre de l'Éducation nationale 16 mai 1991 2 avril 1992 Lionel Jospin
64%
Ministre de la Jeunesse, de l'Éducation nationale et de la Recherche 7 mai 2002 30 mars 2004 Luc Ferry
63%
Ministre de l'Éducation nationale 16 mai 2012 2 avril 2014 Vincent Peillon
61%
Ministre d'État, ministre de l'Éducation nationale et de la Culture 2 avril 1992 29 mars 1993 Jack Lang
60%
Ministre de l'Éducation nationale 27 mars 2000 6 mai 2002 Jack Lang
60%
Ministre de l'Éducation nationale, de l'Enseignement supérieur et de la Recherche 2 avril 2014 25 août 2014 Benoît Hamon
55%
Ministre de l'Éducation nationale 30 mars 1993 11 mai 1995 François Bayrou
50%
Ministre de l'Éducation nationale, de l'Enseignement supérieur, de la Recherche et de l'Insertion professionnelle 18 mai 1995 7 novembre 1995 François Bayrou
50%
Ministre de l'Éducation nationale, de l'Enseignement supérieur et de la Recherche 7 novembre 1995 2 juin 1997 François Bayrou
50%
Ministre de l'Éducation nationale, de l'Enseignement supérieur et de la Recherche 31 mars 2004 31 mai 2005 François Fillon
50%
Ministre de l'Éducation nationale 18 mai 2007 23 juin 2009 Xavier Darcos
49%
Ministre de l'Éducation nationale, de la Recherche et de la Technologie 4 juin 1997 26 mars 2000 Claude Allègre
47%
Ministre de l'Éducation nationale, porte-parole du gouvernement 23 juin 2009 13 novembre 2010 Luc Chatel
41%
Ministre de l'Éducation nationale, de la Jeunesse et de la Vie associative 14 novembre 2010 10 mai 2012 Luc Chatel
41%
Ministre de l'Éducation nationale 19 juillet 1984 20 mars 1986 Jean-Pierre Chevènement
36%
Ministre de l'Éducation nationale 22 mai 1981 17 juillet 1984 Alain Savary
32%
Ministre de l'Éducation nationale, de l'Enseignement supérieur et de la Recherche 2 juin 2005 15 mai 2007 Gilles de Robien
26%
Ministre de l'Éducation nationale 20 mars 1986 10 mai 1988 René Monory
24%
Ministre de l'Éducation 28 mai 1974 31 mars 1978 René Haby
22%
Ministre de l'Éducation nationale 10 juillet 1968 20 juin 1969 Edgar Faure
14%
Ministre de l'Éducation nationale 15 janvier 1960 22 novembre 1960 Louis Joxe
14%
Ministre de l'Éducation nationale 6 décembre 1962 1er avril 1967 Christian Fouchet
11%
Ministre de l'Éducation nationale 6 juillet 1972 27 mai 1974 Joseph Fontanet
11%
Ministre de l'Éducation 5 avril 1978 13 mai 1981 Christian Beullac
5%
Ministre de l'Éducation nationale 7 avril 1967 28 mai 1968 Alain Peyrefitte
4%
Ministre de l'Éducation nationale 20 février 1961 14 avril 1962 Lucien Paye
4%
Ministre de l'Éducation nationale 31 mai 1968 10 juillet 1968 François-Xavier Ortoli
3%
Ministre de l'Éducation nationale 22 juin 1969 5 juillet 1972 Olivier Guichard
3%
Ministre de l'Éducation nationale 14 avril 1962 15 octobre 1962 Pierre Sudreau
3%
Ministre de l'Éducation nationale 8 janvier 1959 23 décembre 1959 André Boulloche
2%
Aucun quiz correspondant
Distribution des résultats
% des personnes avec chaque résultat
Percentile par nombre de réponses
Votre historique - résultats
Vous n’avez pas pris ce quiz